000
00338cam a2200145ua 4500
041
_a
eng
_h
082
_a
821
_b
DAN/DI
100
_a
Dante, .
245
_a
Divine comody /
_c
Dante.
_h
Textual Documents
260
_a
London :
_b
J M Dent and Sons Ltd ,
_c
1961.
300
_a
451 ; .
504
_a
942
_c
BK
999
_c
5823
_d
5823